LEADER 01142nab a2200241 a 4500 001 000000009734 003 CaOOAMICUS 005 20130725084510.0 008 950215s1969 be u 0 0fre r 035 $a10243837 040 $aPUL(R)$bita$dBAV 100 1 $aMontes Moreira, António,$cO.F.M.$0(OLS)http://pul/name/9618 245 10$aPotamius de Lisbonne et la controverse arienne /$cpar António Montes Moreira. 260 $aLouvain :$bBibliothèque de l'Université,$c1969. 300 $axix, 349 p. ;$c26 cm 502 $aDiss. - Université catholique de Louvain. Faculté de théologie et droit canonique, 1969. 504 $a"Bibliographie": p. [xiii]-xix e in nota. 600 04$aPotamius,$cs., vesc. di Lisbona,$dm.c. 360.$0(OLS)http://pul/subject/7971 650 4$aArianesimo$xStoria.$0(OLS)http://pul/subject/3298 773 1 $tTravaux de doctorat en théologie et en droit canonique.$dLeuven : [s. n.], 1969-$gT.1 (1969)$w()135137 941 1 $a8 996 $6245$aPotamius de Lisbonne et la controverse arienne$9(OLS)http://pul/title/14254 996 $6260$aLouvain :$bBibliothèque de l'Université$9(OLS)http://pul/publisher/49702 LEADER 01391nam a2200265 a 4500 001 000000163971 003 CaOOAMICUS 005 20171107160911.0 008 171107s1994 it m u000 udspa r 032 $aLibriCat 040 $aPUL$bita 100 1 $aGarcía Domene, Juan Carlos.$0(OLS)http://pul/name/105364 245 03$aLa mediación antropológica en el diálogo fe-cultura : $buna lectura teológico-pastoral de los documentos de la Conferencia Episcopal Española (1966-1992) / $cJuan Carlos García Domene . 260 $aRoma :$b[s.n.],$c1994. 300 $a176 p. ; $c24 cm. 502 $aEstratto di Tesi. Università Pontificia Salesiana. Facoltà di Teologia.1995. 504 $aBibliografia in nota a piè pagina. 650 04$aMediazione (teologia).$0(OLS)http://pul/subject/9378 710 2 $aPontificia Università Salesiana.$bFacoltà di teologia.$kTesi.$0(OLS)http://pul/name/12417 850 $aPUL 852 $aPUL$W1$xDP1 Tesi Pon. Univ. Salesiana$y46$mTH SAL 333$j188082$qTesi$B191243$CPULBib$Z2$F191243 $H75709 $82 941 1 $a16 996 $6245$aLa mediación antropológica en el diálogo fe-cultura : $buna lectura teológico-pastoral de los documentos de la Conferencia Episcopal Española (1966-1992) / $9(OLS)http://pul/title/203667 996 $6260$aRoma :$b[s.n.]$9(OLS)http://pul/publisher/47958